ARRUPE JESUIT UNIVERSITY

CORONAVIRUS -STOP THE SPREAD - CLEAN,DISINFECT,COVER

A companion to Plato (Record no. 130073)

MARC details
000 -LEADER
fixed length control field 00428nam a22001457a 4500
008 - FIXED-LENGTH DATA ELEMENTS--GENERAL INFORMATION
fixed length control field 191121b ||||| |||| 00| 0 eng d
020 ## - INTERNATIONAL STANDARD BOOK NUMBER
International Standard Book Number 9781405191111
050 ## - LIBRARY OF CONGRESS CALL NUMBER
Classification number B395.C64 2006
245 ## - TITLE STATEMENT
Title A companion to Plato
Statement of responsibility, etc / edited by Hugh H. Benson
260 ## - PUBLICATION, DISTRIBUTION, ETC. (IMPRINT)
Place of publication, distribution, etc West Sussex:
Name of publisher, distributor, etc Willey-Backwell,
Date of publication, distribution, etc 2006.
300 ## - PHYSICAL DESCRIPTION
Extent xv, 473p. ;
Dimensions 25cm.
650 ## - SUBJECT ADDED ENTRY--TOPICAL TERM
Topical term or geographic name as entry element Plato
9 (RLIN) 15737
700 ## - ADDED ENTRY--PERSONAL NAME
Personal name Benson, Hugh H.
Relator term ed.
9 (RLIN) 1842
942 ## - ADDED ENTRY ELEMENTS (KOHA)
Source of classification or shelving scheme Library of Congress Classification
Item type Monograph ( Printed materials)
Holdings
Withdrawn status Lost status Source of classification or shelving scheme Damaged status Not for loan Collection code Home library Current library Shelving location Date acquired Total Checkouts Full call number Barcode Date last seen Date last borrowed Price effective from Koha item type
    Library of Congress Classification     Main Collection ARRUPE LIBRARY ARRUPE LIBRARY Main Collection 21/11/2019 4 B395.C64 2006 46410921 23/12/2025 03/09/2025 21/11/2019 Monograph ( Printed materials)

 

Arrupe Library. PO Box MP320 Mt Pleasant, Harare, Zimbabwe
263 242 745411|librarian@aju.ac.zw